000 00674nam a22002297a 4500
003 UA-OsUOA
001 94368
007 ta
008 20130208b un ||||| |||| 00| 0 ukr d
100 _aГоголь Н В.
090 _a821.161.1
_bГ58
942 _cBK
040 _aUA-OsUOA
_brus
_cUA-OsUOA
_dUA-OsUOA
245 _aСобрание сочинений в тридцати томах
_b10
_cсказки, рассказы, очерки 1910-1917
300 _a524 с.
955 _a3
041 _arus
080 _a821.161.1
260 _aМ.
_bГИХЛ
_c1951
650 7 _a82 Література. Літературознавство
_2UDC
999 _c380611
_d380611